Poetas del siglo XX en lengua inglesa: nuevas traducciones / traductores: Ricardo Ulloa Garay y Gerardo César Hurtado

Spremljeno u:
Bibliografski detalji
Format: Knjiga
Jezik:Undetermined
Izdano: San José, Costa Rica Editorial de la Universidad de Costa Rica 2004
Teme:
Oznake: Dodaj oznaku
Bez oznaka, Budi prvi tko označuje ovaj zapis!

MARC

LEADER 00000nam a2200000Ia 4500
008 170316s9999 xx 000 0 und d
040 |a cru BVZT 
090 |a A-810 P-7p 
245 |a Poetas del siglo XX en lengua inglesa: nuevas traducciones / traductores: Ricardo Ulloa Garay y Gerardo César Hurtado 
260 |a San José, Costa Rica 
260 |b Editorial de la Universidad de Costa Rica 
260 |c 2004 
300 |a 209 páginas 
650 |a LITERATURA ESTADOUNIDENSE 
650 |a TRADUCCIONES DE POESÍA 
650 |a RICARDO ULLOA GARAY - TRADUCTOR 
650 |a GERARDO CÉSAR HURTADO - TRADUCTOR 
999 |c 12290  |d 12290 
942 |c 15 D  |h A-810 P-7p  |2 z